| 000 | 00474nam a2200205Ia 4500 | ||
|---|---|---|---|
| 008 | 210210b1968 xxu||||| |||| 00| 0 eng d | ||
| 041 | _aeng | ||
| 082 | _a335/393 | ||
| 100 | _a- | ||
| 245 | _aEmployment opportunities in major companies in India | ||
| 260 |
_aMadras _b- _c1968 |
||
| 650 | _aopportunities | ||
| 650 | _amajor | ||
| 650 | _aIndia | ||
| 650 | _ain | ||
| 650 | _aEmployment | ||
| 650 | _acompanies | ||
| 690 | _aIndian Economics | ||
| 906 | _a004735 | ||
| 999 |
_c128019 _d128019 |
||